000 00573nam a2200205Ia 4500
005 20230109101645.0
008 131103s9999 xx 000 0 und d
040 _aLoreto College
041 _aEnglish
082 _a821.3
_bDON
100 _aDonne,John
245 _aDevotions
_b upon emergent occasions together with Death's Duel
_cJohn Donne
260 _aToronto
_bUniversity of Michigan Press
_c1959
300 _ali,188 p.
440 _aAnn Arbor Paperbacks
650 _aEnglish Poetry
651 _aDonne,John - Criticism
850 _aLCLIB
942 _cBK
999 _c13096
_d63575